Fundamentals of Machine Component Design / (Record no. 16139)

MARC details
000 -LEADER
fixed length control field 01325cam a22003615a 4500
001 - CONTROL NUMBER
control field 13915340
005 - DATE AND TIME OF LATEST TRANSACTION
control field 20150813113022.0
008 - FIXED-LENGTH DATA ELEMENTS--GENERAL INFORMATION
fixed length control field 050330s2006 njuad f 001 0ceng d
010 ## - LIBRARY OF CONGRESS CONTROL NUMBER
LC control number 2005047031
020 ## - INTERNATIONAL STANDARD BOOK NUMBER
International Standard Book Number 0471742856
020 ## - INTERNATIONAL STANDARD BOOK NUMBER
International Standard Book Number 9780471742852
035 ## - SYSTEM CONTROL NUMBER
System control number (OCoLC)ocm58832353
040 ## - CATALOGING SOURCE
Original cataloging agency DLC
Transcribing agency DLC
Modifying agency C#P
-- EG-ScBUE
-- BAKER
-- DLC
050 00 - LIBRARY OF CONGRESS CALL NUMBER
Classification number TJ230
Item number .J88 2006
082 04 - DEWEY DECIMAL CLASSIFICATION NUMBER
Classification number 621.815
Edition number 22
Item number JUV
100 1# - MAIN ENTRY--PERSONAL NAME
Personal name Juvinall, Robert C.
9 (RLIN) 27517
245 10 - TITLE STATEMENT
Title Fundamentals of Machine Component Design /
Statement of responsibility, etc Robert C. Juvinall, Kurt M. Marshek.
250 ## - EDITION STATEMENT
Edition statement 4th ed.
260 ## - PUBLICATION, DISTRIBUTION, ETC. (IMPRINT)
Place of publication, distribution, etc Hoboken:
Name of publisher, distributor, etc John Wiley & Sons, 2006
Date of publication, distribution, etc c2006.
300 ## - PHYSICAL DESCRIPTION
Extent 769 p. :
Other physical details ill,col. ;
Dimensions 27 cm.
500 ## - GENERAL NOTE
General note Includes index
504 ## - BIBLIOGRAPHY, ETC. NOTE
Bibliography, etc Includes bibliographical references.
650 #0 - SUBJECT ADDED ENTRY--TOPICAL TERM
Topical term or geographic name as entry element Machine design.
9 (RLIN) 27518
Source of heading or term BUEsh
651 ## - SUBJECT ADDED ENTRY--GEOGRAPHIC NAME
Source of heading or term BUEsh
653 ## - INDEX TERM--UNCONTROLLED
Resource For college Engineering, Mechanical
Arrived date list August2015
655 ## - INDEX TERM--GENRE/FORM
Form subdivision
-- 33728
700 1# - ADDED ENTRY--PERSONAL NAME
Personal name Marshek, Kurt M.
9 (RLIN) 27519
856 42 - ELECTRONIC LOCATION AND ACCESS
Materials specified Publisher description
Uniform Resource Identifier <a href="http://www.loc.gov/catdir/enhancements/fy0624/2005047031-d.html">http://www.loc.gov/catdir/enhancements/fy0624/2005047031-d.html</a>
856 41 - ELECTRONIC LOCATION AND ACCESS
Materials specified Table of contents only
Uniform Resource Identifier <a href="http://www.loc.gov/catdir/enhancements/fy0624/2005047031-t.html">http://www.loc.gov/catdir/enhancements/fy0624/2005047031-t.html</a>
942 ## - ADDED ENTRY ELEMENTS (KOHA)
Source of classification or shelving scheme Dewey Decimal Classification
Item type Book - Borrowing
Holdings
Withdrawn status Item status Source of classification or shelving scheme Damaged status Not for loan Vendor Home library Current library Shelving location Date acquired Source of acquisition Total Checkouts Total Renewals Full call number Barcode Date last seen Date last borrowed Koha item type Materials specified (bound volume or other part)
    Dewey Decimal Classification     Baccah Central Library Central Library First floor 11/10/2011   13 77 621.815 JUV 000025378 15/07/2025 06/04/2021 Book - Borrowing  
  Lost Dewey Decimal Classification     Baccah Central Library Central Library First floor 11/10/2011   3 9 621.815 JUV 000025379 23/08/2016 24/02/2013 Book - Borrowing Lost In Inventory_2017-8-25